Directory of higher education Malaysia (Record no. 2221)

000 -LEADER
fixed length control field nas a22 a 4500
003 - CONTROL NUMBER IDENTIFIER
control field AKMAL
005 - DATE AND TIME OF LATEST TRANSACTION
control field 20170515155458.0
008 - FIXED-LENGTH DATA ELEMENTS--GENERAL INFORMATION
fixed length control field 170515 2000 my pc r 0 eng d
020 ## - INTERNATIONAL STANDARD BOOK NUMBER
International Standard Book Number 9676111384 (kkt.):
Terms of availability RM25.00
022 ## - INTERNATIONAL STANDARD SERIAL NUMBER
International Standard Serial Number 1675-0918
040 ## - CATALOGING SOURCE
Original cataloging agency AKMAL
Transcribing agency AKMAL
043 ## - GEOGRAPHIC AREA CODE
Geographic area code a-my---
049 00 - LOCAL HOLDINGS (OCLC)
Holding library mal
082 04 - DEWEY DECIMAL CLASSIFICATION NUMBER
Classification number 378.595 DIR
Edition number 21
090 00 - LOCALLY ASSIGNED LC-TYPE CALL NUMBER (OCLC); LOCAL CALL NUMBER (RLIN)
Classification number (OCLC) (R) ; Classification number, CALL (RLIN) (NR) 378.595
Local cutter number (OCLC) ; Book number/undivided call number, CALL (RLIN) DIR
090 00 - LOCALLY ASSIGNED LC-TYPE CALL NUMBER (OCLC); LOCAL CALL NUMBER (RLIN)
Classification number (OCLC) (R) ; Classification number, CALL (RLIN) (NR) 378.595
Local cutter number (OCLC) ; Book number/undivided call number, CALL (RLIN) DIR
245 00 - TITLE STATEMENT
Title Directory of higher education Malaysia
260 ## - PUBLICATION, DISTRIBUTION, ETC.
Place of publication, distribution, etc. Kuala Lumpur :
Name of publisher, distributor, etc. Utusan Publication,
Date of publication, distribution, etc. 2000-
300 00 - PHYSICAL DESCRIPTION
Extent v. :
Other physical details ill. ;
Dimensions 30 cm.
310 ## - CURRENT PUBLICATION FREQUENCY
Current publication frequency Annual
362 00 - DATES OF PUBLICATION AND/OR SEQUENTIAL DESIGNATION
Dates of publication and/or sequential designation 1st. ed.-
500 ## - GENERAL NOTE
General note Description based on: 2nd. ed.
650 #0 - SUBJECT ADDED ENTRY--TOPICAL TERM
Topical term or geographic name entry element Education, Higher
Form subdivision Directories
9 (RLIN) 4674
650 #0 - SUBJECT ADDED ENTRY--TOPICAL TERM
Topical term or geographic name entry element Vocational guidance
General subdivision Directories
Geographic subdivision Malaysia
9 (RLIN) 4675
942 ## - ADDED ENTRY ELEMENTS (KOHA)
Source of classification or shelving scheme
Koha item type Book
Holdings
Withdrawn status Lost status Source of classification or shelving scheme Damaged status Not for loan Collection code Home library Current library Date acquired Inventory number Total Checkouts Full call number Barcode Date last seen Price effective from Koha item type
          NON-FICTION AKMAL Melaka AKMAL Melaka 15.05.2017 303317   378.595 DIR 201706392 15.05.2017 15.05.2017 Book
Pusat Sumber Maklumat Dato' Haji Sarmin Md Hussin, Akademi Kastam Diraja Malaysia, Melaka
Tel: 06-2331106 | Faks: 06-2313787